000 00475nam a22001691a 4500
001 10419
003 OSt
005 20260204212158.0
008 090106s1994||||dr ||||||b||||||||||spa||
050 _aRD 863.7293 S55e
100 _aSención, Viriato
245 _aLa enana Celania y otros cuentos / Viriato Sención
264 _aSanto Domingo : Taller
300 _a147 p
650 _aCuento - Republica Dominicana 2.Literatura - Republica DominicanaÌ
942 _2ddc
_cBK
999 _c10419
_d10419